Zvonica zdobí známku

Bibliographic Details
Main Authors: Vlková, Andrea (Author, Photographer, Interviewer), Timková, Michaela, 1977- (Author)
Format: Article
Language:Slovak
PhysicalDescription:Fotogr., obr.
ISSN:1335-7573
Subjects:

MARC

LEADER 00000nab a2200000 ar4500
001 vtls008945248
003 SK-MaSNL
005 20260305033045.0
008 070213c20060523xo dr|n|||||||000 b|slo
015 |a SLLK2006  |2 sllk 
038 |a SLLK 
040 |a SLLK  |b slo  |c sllk  |e AACR2 
041 0 |a slo 
044 |a xo  |c SK 
080 |a 656.835.11  |2 1997 
080 |a 726.59  |2 1997 
100 1 |a Vlková, Andrea  |4 pht  |4 ivr  |4 aut  |9 870133 
245 1 0 |a Zvonica zdobí známku  |c Text a foto: Andrea Vlková, Michaela Timková 
300 |b Fotogr., obr. 
648 7 |a 2006  |2 snkbucl  |9 313148 
650 0 7 |a poštové známky  |2 snkbucl  |9 51141 
650 0 7 |a Krásy Slovenska - renesančné zvonice (tematika)  |x poštové známky  |2 snkbucl  |9 1613112 
650 0 7 |a renesančné zvonice  |z Podolínec (Slovensko)  |2 snkbucl  |9 1613113 
651 7 |a Podolínec (Slovensko)  |2 snkbucl  |9 19195 
651 7 |a Stará Ľubovňa (Slovensko : okres)  |2 snkbucl  |9 19196 
700 1 |a Timková, Michaela,  |d 1977-  |4 ive  |4 aut  |9 314649 
773 0 |t Tatranský denník Korzár  |g Roč. VIII, č. 117 (23. 5.2006)  |x 1335-7573 
773 0 |i Pril.  |t Tatry  |g s. 6 
852 |a SLLK  |b KIS3GCP 
999 |c 3322639  |d 3324569